[Event "CIS Serie C Girone 21"]
[Site "Piacenza ITA"]
[Date "2026.05.15"]
[Round "4.4"]
[White "BOLOGNA, Maurizio"]
[Black "D'ERRICO, Andrea"]
[Result "1-0"]
[WhiteElo "1650"]
[BlackElo "1601"]
[PlyCount "89"]
[EventDate "2026.03.13"]

1. e4 c6 2. d4 d5 3. Nc3 dxe4 4. Nxe4 Bf5 5. Ng3 Bg6 6. Nf3 Nf6 7. Bd3 Nbd7 8.
c3 e6 9. Bf4 Nd5 10. Bd2 Bd6 11. Bxg6 hxg6 12. Ne2 Qc7 13. c4 Nb4 14. c5 Nd3+
15. Kf1 N7xc5 16. dxc5 Bxc5 17. Be3 O-O-O 18. Bxc5 Nxc5 19. Qc2 Qb6 20. Nc3 Rd6
21. g3 Rhd8 22. Kg2 g5 23. Rhd1 g4 24. Ne5 Qb4 25. a3 Qb6 26. Rxd6 Rxd6 27. Nc4
Qc7 28. Nxd6+ Qxd6 29. Rd1 Qe5 30. Qd2 Qf6 31. Qe3 Nd7 32. b4 Nb6 33. Qd3 g6
34. a4 Qe7 35. Qd4 f5 36. Qd6 Qf6 37. Qd4 Qe7 38. a5 Nd7 39. Na4 e5 40. Qd6 Qe8
41. Nc5 Nxc5 42. Qxc5 f4 43. Qxa7 Kc7 44. Qb6+ Kc8 45. a6 1-0

[Event "CIS Serie C Girone 21"]
[Site "Piacenza ITA"]
[Date "2026.05.15"]
[Round "4.5"]
[White "SALAMI, Marco"]
[Black "TIRELLI, Stefano"]
[Result "1-0"]
[WhiteElo "2101"]
[BlackElo "1594"]
[PlyCount "77"]
[EventDate "2026.03.13"]

1. e4 d6 2. d4 Nf6 3. Nc3 Nbd7 4. Nge2 e5 5. h3 Be7 6. g3 O-O 7. Bg2 a6 8. a4
exd4 9. Nxd4 Nc5 10. O-O c6 11. b4 Ne6 12. Nf5 Re8 13. Nxe7+ Qxe7 14. Re1 Qc7
15. Be3 b6 16. a5 Nd7 17. axb6 Nxb6 18. Bxb6 Qxb6 19. Qxd6 Rd8 20. Qe7 Ra7 21.
Qh4 Rd2 22. Re2 Rxe2 23. Nxe2 Qxb4 24. Rd1 Rd7 25. Rxd7 Bxd7 26. c3 Qd6 27. Nd4
h6 28. Nf5 Qd2 29. Qe7 Nf8 30. Nd6 Be6 31. f4 Qxc3 32. f5 Qc5+ 33. Kh2 Bb3 34.
e5 a5 35. e6 fxe6 36. Qf7+ Kh7 37. Qxf8 Qf2 38. Ne8 Qd4 39. f6 1-0

[Event "CIS Serie C Girone 21"]
[Site "Piacenza ITA"]
[Date "2026.05.15"]
[Round "4.6"]
[White "BERGONZI, Andrea"]
[Black "VARINI, Simone"]
[Result "1-0"]
[WhiteElo "1594"]
[BlackElo "1888"]
[PlyCount "98"]
[EventDate "2026.03.13"]

1. e4 d6 2. d4 Nf6 3. Nc3 g6 4. Bg5 Bg7 5. Be2 Nbd7 6. Nf3 O-O 7. Qd2 c6 8. Bh6
e5 9. Bxg7 Kxg7 10. O-O-O Qe7 11. h4 h5 12. Ng5 Nb6 13. Rdg1 exd4 14. Qxd4 Qe5
15. Qd2 Qe7 16. f3 Be6 17. Nxe6+ Qxe6 18. g4 Rh8 19. gxh5 Nxh5 20. f4 Rag8 21.
f5 Qe5 22. fxg6 fxg6 23. Rg4 Ng3 24. Rg5 Nxe2+ 25. Nxe2 Nc4 26. Rxe5 Nxd2 27.
Re6 Nf3 28. Rxd6 Rxh4 29. Rxh4 Nxh4 30. Rd7+ Kh6 31. Rxb7 Re8 32. Ng3 a5 33.
Ra7 Re5 34. Ra6 Rc5 35. e5 Nf3 36. e6 Re5 37. b3 Rxe6 38. Rxa5 g5 39. Ra8 g4
40. Rg8 Ng5 41. Nf5+ Kh5 42. Ng7+ Kh4 43. Nxe6 Nxe6 44. a4 g3 45. a5 Ng5 46.
Rh8+ Kg4 47. Rh1 Nf3 48. a6 g2 49. Rd1 Nh2 1-0

[Event "CIS Serie C Girone 21"]
[Site "Piacenza ITA"]
[Date "2026.05.15"]
[Round "4.7"]
[White "BINI, Massimo"]
[Black "BRUNO, Carmine"]
[Result "1-0"]
[WhiteElo "1862"]
[BlackElo "1610"]
[PlyCount "109"]
[EventDate "2026.03.13"]

1. d4 f5 2. Nf3 Nf6 3. Bf4 d6 4. e3 g6 5. h3 Bg7 6. Be2 O-O 7. O-O Nc6 8. c3
Qe8 9. d5 e5 10. dxe6 Bxe6 11. Nd4 Bf7 12. Nd2 a6 13. Bf3 Ne4 14. Qc2 Nxd4 15.
exd4 Nxd2 16. Qxd2 Qb5 17. Rfe1 Rae8 18. b3 Qb6 19. Bh6 d5 20. Bxg7 Kxg7 21.
Qf4 Qa5 22. Qd2 h6 23. h4 c6 24. g3 Qc7 25. Kg2 a5 26. Rxe8 Bxe8 27. Re1 f4 28.
Re5 fxg3 29. fxg3 Qd8 30. Qe3 Bf7 31. Bg4 Re8 32. Qf4 Qf6 33. Qe3 Qd8 34. Qf4
Qf6 35. Qxf6+ Kxf6 36. Rxe8 Bxe8 37. Bc8 b6 38. Kf3 g5 39. Kg4 h5+ 40. Kf3 Bg6
41. Bd7 Be4+ 42. Ke3 c5 43. a3 Bf5 44. Be8 Bg4 45. hxg5+ Kxg5 46. Bf7 Kf6 47.
Bxd5 Be6 48. Bxe6 Kxe6 49. Ke4 cxd4 50. cxd4 b5 51. d5+ Kd6 52. Kd4 a4 53. b4
Kc7 54. Kc5 Kd7 55. Kxb5 1-0

[Event "CIS Serie C Girone 21"]
[Site "Piacenza ITA"]
[Date "2026.05.15"]
[Round "4.8"]
[White "MARTINO, Gianluca"]
[Black "TONGHINI, Rosolino"]
[Result "0-1"]
[WhiteElo "1523"]
[BlackElo "1812"]
[PlyCount "54"]
[EventDate "2026.03.13"]

1. e4 c5 2. Nf3 d6 3. d4 cxd4 4. Nxd4 Nf6 5. Nc3 a6 6. Be2 Nc6 7. Be3 e5 8. Nb3
b5 9. O-O Be6 10. f4 Be7 11. Bf3 Rc8 12. a3 exf4 13. Bxf4 Ne5 14. Bxe5 dxe5 15.
Qxd8+ Bxd8 16. Rfd1 Bb6+ 17. Kh1 Ke7 18. h3 Rhd8 19. Rxd8 Kxd8 20. Rd1+ Ke7 21.
Na1 Bd4 22. Nd5+ Bxd5 23. exd5 Bxb2 24. d6+ Kd7 25. Bb7 Rb8 26. Bxa6 Bxa1 27.
Rxa1 Rb6 0-1

[Event "CIS Serie C Girone 21"]
[Site "Piacenza ITA"]
[Date "2026.05.15"]
[Round "5.1"]
[White "GRASSO, Gaetano"]
[Black "BINI, Massimo"]
[Result "1-0"]
[WhiteElo "1962"]
[BlackElo "1862"]
[PlyCount "103"]
[EventDate "2026.03.13"]

1. e4 e5 2. d4 exd4 3. Qxd4 Nc6 4. Qe3 g6 5. Nc3 Bg7 6. Bd2 d6 7. O-O-O Nf6 8.
h3 Qe7 9. Kb1 Bd7 10. Nb5 Bc8 11. Bd3 a6 12. Na3 Bd7 13. f4 O-O-O 14. Nf3 Kb8
15. Rhe1 Rhe8 16. g4 Bc8 17. Qf2 Qf8 18. c3 Nd7 19. Bc2 Nf6 20. Qh4 Qg8 21. Bc1
Ka8 22. Re2 Kb8 23. Rde1 h5 24. f5 hxg4 25. hxg4 Qh8 26. Qg3 Ne5 27. Nxe5 dxe5
28. Bg5 Qf8 29. fxg6 fxg6 30. Rf2 Qe7 31. Qh4 Rf8 32. Ref1 Rd6 33. Nc4 Rc6 34.
Bb3 Rh8 35. Bxf6 Bxf6 36. Qg3 Bh4 37. Qh3 g5 38. Rf7 Qc5 39. Ne3 Be6 40. Bxe6
Rxe6 41. Qf3 Rd6 42. Nd5 c6 43. b4 Qc4 44. Nb6 Qd3+ 45. Qxd3 Rxd3 46. Kc2 Rg3
47. Nd7+ Ka7 48. Nxe5 Re8 49. Nxc6+ Kb6 50. Na5 Rg2+ 51. Kb3 Rb8 52. R1f6+ 1-0

[Event "CIS Serie C Girone 21"]
[Site "Piacenza ITA"]
[Date "2026.05.15"]
[Round "5.2"]
[White "LEONI, Fabrizio"]
[Black "CRISCI, Carlo"]
[Result "0-1"]
[WhiteElo "1862"]
[BlackElo "1636"]
[PlyCount "128"]
[EventDate "2026.03.13"]

1. d4 f5 2. Nf3 e6 3. Bg5 Be7 4. Bxe7 Qxe7 5. Nbd2 Nf6 6. g3 d5 7. Bg2 Nbd7 8.
O-O O-O 9. c4 c6 10. e3 Ne4 11. Ne5 Nxe5 12. dxe5 Nxd2 13. Qxd2 dxc4 14. Qc3
Qc7 15. Rfd1 b5 16. Rd6 Bb7 17. Rad1 Rad8 18. Qd2 Rxd6 19. Qxd6 Qxd6 20. Rxd6
Re8 21. Rd7 Rb8 22. Kf1 b4 23. Ke1 a5 24. Kd2 Kf8 25. Rd4 c5 26. Rxc4 Bxg2 27.
Rxc5 Rd8+ 28. Ke2 Rd5 29. Rc8+ Kf7 30. f3 Rxe5 31. Kf2 Bh3 32. Rc4 g5 33. Rc7+
Kg6 34. Rc4 Rd5 35. Ke2 f4 36. e4 Rb5 37. Rc2 fxg3 38. hxg3 h5 39. Kf2 Kf6 40.
Kg1 Ke7 41. Kh2 Bf1 42. Kg1 Bd3 43. Rc1 a4 44. Kf2 Rb8 45. Ke3 Rd8 46. Rh1 Bc4
47. Rxh5 Rd3+ 48. Ke2 b3 49. axb3 Rxb3+ 50. Kd2 Rd3+ 51. Kc2 Rxf3 52. Rxg5 Bd3+
53. Kc3 Bxe4+ 54. Kd4 Bd5 55. Ke5 Kd7 56. Rg4 Bb3 57. Rd4+ Ke7 58. Rg4 Re3+ 59.
Kd4 Re2 60. Kc3 Rc2+ 61. Kb4 Rxb2 62. Rf4 Bd1+ 63. Kc3 a3 64. Rf1 Rb1 0-1

[Event "CIS Serie C Girone 21"]
[Site "Piacenza ITA"]
[Date "2026.05.15"]
[Round "5.3"]
[White "ROCCHI, Renato"]
[Black "DECANETO, Erick"]
[Result "0-1"]
[WhiteElo "1513"]
[BlackElo "1830"]
[PlyCount "72"]
[EventDate "2026.03.13"]

1. e4 c6 2. d4 d5 3. exd5 cxd5 4. Bd3 Nf6 5. Bf4 Bg4 6. Nf3 e6 7. Nbd2 Bd6 8.
Bb5+ Nc6 9. Be5 a6 10. Bd3 Nxe5 11. dxe5 Bxe5 12. h3 Bxf3 13. Nxf3 Bxb2 14. Rb1
Bc3+ 15. Kf1 b5 16. Rb3 d4 17. Qe2 O-O 18. g4 Qd5 19. g5 Nd7 20. Be4 Qd6 21.
Bxa8 Rxa8 22. Qe4 Rb8 23. Qe2 Nc5 24. Rb1 Qf4 25. Rg1 e5 26. Rg4 Qf5 27. Nh4
Qe6 28. Qf3 Qxa2 29. Rd1 Qxc2 30. Nf5 e4 31. Rxe4 Qxe4 32. Qg3 Qh1+ 33. Ke2
Re8+ 34. Ne3 d3+ 35. Rxd3 Qe1+ 36. Kf3 Nxd3 0-1

[Event "CIS Serie C Girone 21"]
[Site "Piacenza ITA"]
[Date "2026.05.15"]
[Round "5.4"]
[White "TONGHINI, Rosolino"]
[Black "BOLOGNA, Maurizio"]
[Result "1-0"]
[WhiteElo "1812"]
[BlackElo "1650"]
[PlyCount "51"]
[EventDate "2026.03.13"]

1. e4 c5 2. Nf3 e6 3. d4 cxd4 4. Nxd4 Nc6 5. c3 Nf6 6. Nxc6 bxc6 7. e5 Nd5 8.
c4 Nb6 9. Nc3 Qe7 10. Qd4 d5 11. exd6 Qxd6 12. Be3 Qxd4 13. Bxd4 f6 14. Ne4
Bb4+ 15. Bc3 Bxc3+ 16. Nxc3 O-O 17. O-O-O Ba6 18. b3 Rad8 19. Be2 Kf7 20. Bf3
Bb7 21. Ne4 Nc8 22. Rhe1 Ke7 23. Rxd8 Rxd8 24. Nc5 Ba8 25. Nxe6 Rg8 26. Nc7+
1-0

[Event "CIS Serie C Girone 21"]
[Site "Piacenza ITA"]
[Date "2026.05.15"]
[Round "5.5"]
[White "DE SIMONE, Alessandro"]
[Black "CUCCHI, Alessandro"]
[Result "0-1"]
[WhiteElo "1825"]
[BlackElo "1855"]
[PlyCount "140"]
[EventDate "2026.03.13"]

1. d4 Nf6 2. c4 g6 3. Nc3 Bg7 4. e4 d6 5. Nf3 O-O 6. Be2 Nbd7 7. O-O c5 8. d5
a6 9. a4 Ng4 10. h3 Nh6 11. Be3 Kh8 12. Qc1 Ng8 13. h4 Ndf6 14. Ne1 Ng4 15.
Bxg4 Bxg4 16. f3 Bd7 17. Nd3 e5 18. Bf2 f5 19. Re1 fxe4 20. Nxe4 Bf5 21. Qd1 b6
22. Ng3 Bxd3 23. Qxd3 Qxh4 24. Nf5 Qf6 25. Nxg7 Kxg7 26. Ra3 Nh6 27. a5 Rab8
28. axb6 Rxb6 29. b4 Rxb4 30. Rxa6 Qd8 31. Rea1 Rf7 32. Qc3 Qb8 33. Ra8 Rb1+
34. Kh2 Qb4 35. Qxb4 Rxb4 36. R1a6 Rd7 37. R8a7 Rxa7 38. Rxa7+ Nf7 39. Bh4 Rxc4
40. Be7 Rd4 41. Bxd6 Rxd5 42. Be7 g5 43. Rc7 Kg6 44. Bxc5 h5 45. Be3 Kf6 46.
Kg1 Rd6 47. Kf2 Nh6 48. Rc8 Kf5 49. Rf8+ Rf6 50. Ra8 g4 51. Bxh6 Rxh6 52. Rf8+
Rf6 53. Rh8 Kg5 54. Rg8+ Kh4 55. Re8 Rf5 56. Re7 gxf3 57. gxf3 Kh3 58. Re8 Rg5
59. Re7 Kh2 60. Rh7 Rf5 61. Re7 Rg5 62. Rh7 Kh3 63. Re7 h4 64. Re8 Kh2 65. Rh8
h3 66. Re8 Rg2+ 67. Ke3 Kg1 68. Rxe5 h2 69. Ra5 Rf2 70. Ra1+ Rf1 0-1

[Event "CIS Serie C Girone 21"]
[Site "Piacenza ITA"]
[Date "2026.05.15"]
[Round "5.6"]
[White "REGNANTE, Riccardo"]
[Black "MORASCHI, Pierangelo"]
[Result "0-1"]
[WhiteElo "1906"]
[BlackElo "1782"]
[PlyCount "64"]
[EventDate "2026.03.13"]

1. e4 e5 2. Nf3 Nc6 3. Bc4 Nf6 4. O-O Bc5 5. c3 Nxe4 6. d4 d5 7. dxc5 dxc4 8.
Qxd8+ Kxd8 9. Re1 Nxc5 10. Nxe5 Nxe5 11. Rxe5 Nd3 12. Rd5+ Ke7 13. Na3 c6 14.
Rg5 Re8 15. Be3 Kf8 16. Nxc4 f6 17. Rg3 Be6 18. Nd6 Re7 19. h3 Rd8 20. Ne4 b6
21. b3 h6 22. Rd1 Red7 23. f4 Bf5 24. Nf2 Nxf2 25. Rxd7 Nxh3+ 26. gxh3 Rxd7 27.
Kf2 Rd1 28. Ke2 Ra1 29. a4 Ra2+ 30. Kd1 Bc2+ 31. Kc1 Bxb3 32. Bd2 Rc2+ 0-1

[Event "CIS Serie C Girone 21"]
[Site "Piacenza ITA"]
[Date "2026.05.15"]
[Round "5.7"]
[White "ADINOLFI, Filippo"]
[Black "PERRONE, Agostino"]
[Result "1/2-1/2"]
[WhiteElo "1710"]
[BlackElo "1731"]
[PlyCount "128"]
[EventDate "2026.03.13"]

1. c4 c6 2. Nf3 Nf6 3. e3 d5 4. b3 Bf5 5. Nc3 Nbd7 6. d4 e6 7. Bb2 Bd6 8. Bd3
Ne4 9. O-O O-O 10. Qc2 Ndf6 11. Ne5 Bc7 12. f4 Nd6 13. Ba3 Bxd3 14. Qxd3 Re8
15. Bxd6 Bxd6 16. Nf3 c5 17. cxd5 exd5 18. Nb5 a6 19. Nxd6 Qxd6 20. Rfe1 b6 21.
Rad1 Qc7 22. Ne5 a5 23. dxc5 bxc5 24. Qf5 Rad8 25. Ng4 Nxg4 26. Qxg4 Re4 27.
Qf5 g6 28. Qf6 Rd6 29. Qc3 Qb6 30. Rd2 d4 31. Qc1 Rde6 32. Rde2 Qb4 33. Kf2 d3
34. Rd2 Qb5 35. Qc3 c4 36. bxc4 Qxc4 37. Qxd3 Kg7 38. Qxc4 Rxc4 39. Red1 Rc3
40. Rd3 Rec6 41. Ke2 Rc2+ 42. R3d2 R2c4 43. Rd5 a4 44. R5d4 Rc2+ 45. R1d2 a3
46. Rxc2 Rxc2+ 47. Rd2 Rc5 48. g3 Rb5 49. e4 Rb6 50. Ke3 Rb2 51. e5 g5 52. f5
Rb5 53. Ke4 Rb2 54. Kd3 Rb5 55. Kd4 Rb4+ 56. Kd3 Rb5 57. Re2 h5 58. e6 fxe6 59.
fxe6 Kf8 60. e7+ Ke8 61. Kc3 g4 62. Kc4 Rb2 63. Kd3 Rb5 64. Kd2 Rb2+ 1/2-1/2

[Event "CIS Serie C Girone 21"]
[Site "Piacenza ITA"]
[Date "2026.05.15"]
[Round "5.8"]
[White "MALABARBA, Lyubomir"]
[Black "OLIVEIRA PROVENZANO, Frederico"]
[Result "1-0"]
[WhiteElo "1587"]
[BlackElo "1621"]
[PlyCount "49"]
[EventDate "2026.03.13"]

1. e4 e5 2. Nf3 Nc6 3. a3 Nf6 4. Nc3 a6 5. d4 exd4 6. Nxd4 Bc5 7. Nxc6 bxc6 8.
e5 Qe7 9. Qe2 Nd5 10. Nxd5 cxd5 11. g3 O-O 12. Bg2 c6 13. O-O a5 14. c3 Ba6 15.
Qg4 Bxf1 16. Bxf1 Qxe5 17. Qxd7 Rfe8 18. Bf4 Qf6 19. Qb7 g5 20. Be3 Ra7 21. Qb3
Bxe3 22. fxe3 Rxe3 23. Qb8+ Kg7 24. Qxa7 Qe5 25. Qd4 1-0